[Event "POL-ch"]
[Site "Warsaw"]
[Date "1995.??.??"]
[Round "3"]
[White "Grabarczyk, Miroslaw"]
[Black "Gdanski, Jacek"]
[Result "1-0"]
[WhiteElo "2440"]
[BlackElo "2490"]
[PlyCount "81"]
[EventDate "1995.??.??"]
[Source "www.chesslib.no"]
[SourceDate "2004.05.04"]

1. d4 g6 2. c4 Bg7 3. Nf3 c5 4. d5 d6 5. e4 Bg4 6. Be2 e6 7. O-O exd5 8. cxd5 Nf6 9. Nc3 O-O 10. h3 Bxf3 11. Bxf3 a6 12. a4 Nbd7 13. Re1 Rb8 14. Be2 Re8 15. Bf1 Nh5 16. g4 Nhf6 17. a5 h5 18. g5 Nh7 19. f4 Bd4+ 20. Kg2 h4 21. Bd3 f6 22. e5 dxe5 23. Bxg6 Re7 24. Bxh7+ Kxh7 25. Ne4 Rg7 26. Qg4 Qf8 27. Kh1 f5 28. Qxh4+ Kg8 29. Nf6+ Nxf6 30. gxf6 Qd8 31. Kh2 e4 32. Be3 Bxf6 33. Qh6 Bxb2 34. Qe6+ Kh8 35. Rab1 Qh4 36. Rg1 Rbg8 37. Qxf5 Rg3 38. Bxc5 e3 39. Rxb2 Rxg1 40. Bd4+ R1g7 41. Rg2 1-0

[Event "6th Parsvnath Open"]
[Site "New Delhi IND"]
[Date "2008.01.15"]
[Round "5"]
[White "Darban, M."]
[Black "Dzhumaev, M."]
[Result "0-1"]
[WhiteElo "2401"]
[BlackElo "2527"]
[PlyCount "66"]
[EventDate "2008.01.13"]
[Source "www.chesslib.no"]
[SourceDate "2004.05.04"]

1. e4 g6 2. d4 Bg7 3. c4 c5 4. d5 d6 5. Nc3 Nf6 6. Be2 O-O 7. Nf3 e6 8. O-O exd5 9. cxd5 Bg4 10. Bf4 a6 11. h3 Bxf3 12. Bxf3 b5 13. a4 b4 14. Nb1 Ne8 15. Qb3 Nd7 16. Nd2 Qf6 17. Qe3 Qxb2 18. Bg4 Ne5 19. Be2 Nf6 20. Rfc1 Rfe8 21. a5 Ned7 22. Nc4 Nxd5 23. Qf3 Qf6 24. exd5 Rxe2 25. Qxe2 Qxf4 26. Rab1 Bd4 27. Rc2 Nf6 28. Nb6 Re8 29. Qxa6 b3 30. Re2 Rxe2 31. Qxe2 Ne4 32. Rxb3 Bxf2+ 33. Kh1 Qc1+ 0-1

[Event "USA"]
[Site "?"]
[Date "1984.??.??"]
[Round "?"]
[White "Mc Cambridge, V."]
[Black "Gurevich, D."]
[Result "0-1"]
[WhiteElo "2415"]
[BlackElo "2510"]
[PlyCount "60"]
[EventDate "1984.??.??"]
[Source "www.chesslib.no"]
[SourceDate "2004.05.04"]

1. d4 Nf6 2. c4 e6 3. Nc3 c5 4. d5 exd5 5. cxd5 d6 6. e4 g6 7. Nf3 Bg7 8. Be2 O-O 9. Nd2 Ne8 10. O-O f5 11. exf5 Bxf5 12. Nde4 Na6 13. Bg5 Nf6 14. Qb3 Rb8 15. f3 Nc7 16. a4 Rf7 17. Rfe1 h6 18. Bd2 Bxe4 19. Nxe4 Nxe4 20. fxe4 Qh4 21. Bf3 Be5 22. h3 Rbf8 23. Kf1 c4 24. Qe3 Rxf3+ 25. gxf3 Qxh3+ 26. Ke2 Bd4 27. Qa3 Bxb2 28. Qe3 Bd4 29. Qa3 Bxa1 30. Rxa1 Qg2+ 0-1

[Event "ECC, Panormo GRE"]
[Site "?"]
[Date "2001.??.??"]
[Round "2"]
[White "Volkov, S."]
[Black "Jedynak, R."]
[Result "1-0"]
[WhiteElo "2575"]
[BlackElo "2345"]
[PlyCount "137"]
[EventDate "2001.??.??"]
[Source "www.chesslib.no"]
[SourceDate "2004.05.04"]

1. d4 e6 2. c4 Nf6 3. Nc3 c5 4. d5 exd5 5. cxd5 d6 6. Nf3 g6 7. Nd2 Bg7 8. e4 O-O 9. Be2 Na6 10. O-O Nc7 11. a4 a6 12. Nc4 b5 13. axb5 axb5 14. Rxa8 Nxa8 15. Nxb5 Nxe4 16. Bf4 Ba6 17. Nbxd6 Nxd6 18. Nxd6 Bxe2 19. Qxe2 Qf6 20. Qe3 Nb6 21. Qxc5 Qxf4 22. Qxb6 Bxb2 23. g3 Bd4 24. Qc6 Qf6 25. Nb5 Rb8 26. Qc4 Qa6 27. Qxd4 Qxb5 28. d6 Rd8 29. Qf6 Qb8 30. Rd1 Rd7 31. g4 h6 32. h4 Qb4 33. Kh2 Kh7 34. Rd4 Qc5 35. Kg3 Qc3+ 36. Kg2 Qc6+ 37. Kg1 Qc1+ 38. Kh2 Qc5 39. Rd3 Qc2 40. Qd4 Qe2 41. Kg2 Qe6 42. Kf1 Kg8 43. h5 Kh7 44. Kg2 Kg8 45. Kg1 Kh7 46. Kf1 Kg8 47. Ra3 Rd8 48. hxg6 Qxg6 49. Rd3 Rd7 50. Rd2 Kh7 51. f3 Kg8 52. Kf2 Qe6 53. Rd1 Qa2+ 54. Kg3 Qe6 55. Kf2 Qa2+ 56. Rd2 Qe6 57. Rd3 Qa2+ 58. Kg3 Qe6 59. Rd1 Qb3 60. Rc1 Qb8 61. Rc6 Qb7 62. Rb6 Qc8 63. Qb2 Rd8 64. Qf6 Qa8 65. Qxh6 Qa5 66. Qe3 Qa1 67. Qg5+ Kh7 68. Qf5+ Kg7 69. Rb1 1-0

[Event "Tel Aviv Open"]
[Site "Tel Aviv ISR"]
[Date "1990.??.??"]
[Round "?"]
[White "Shabtai, Ran"]
[Black "Psakhis, Lev B"]
[Result "0-1"]
[WhiteElo "2345"]
[BlackElo "2570"]
[PlyCount "66"]
[EventDate "1990.??.??"]
[Source "www.chesslib.no"]
[SourceDate "2004.05.04"]

1. d4 Nf6 2. c4 e6 3. Nf3 c5 4. d5 d6 5. Nc3 exd5 6. cxd5 g6 7. Nd2 Bg7 8. e4 O-O 9. Be2 Na6 10. O-O Qe7 11. Re1 Nc7 12. a4 b6 13. Nc4 Nd7 14. Bf4 Ne5 15. Ne3 f5 16. exf5 Bxf5 17. Nxf5 Rxf5 18. Bg3 Qf8 19. a5 Bh6 20. axb6 axb6 21. Qb3 Rb8 22. Ra7 Qd8 23. Qa4 Bg7 24. f4 Nf7 25. Qc6 Ne8 26. Bg4 Bd4+ 27. Kh1 Nh6 28. Bxf5 Nxf5 29. Ne4 Neg7 30. Rd7 Qf8 31. Nxd6 Nxg3+ 32. hxg3 Ne8 33. Nxe8 Qh6# 0-1

[Event "Torneo GM"]
[Site "Marianske Lazne CEC"]
[Date "2009.01.18"]
[Round "2"]
[White "Ivanov, Mikhail M"]
[Black "Kurmann, Oliver"]
[Result "0-1"]
[WhiteElo "2497"]
[BlackElo "2415"]
[PlyCount "74"]
[EventDate "2009.01.17"]
[Source "www.chesslib.no"]
[SourceDate "2004.05.04"]

1. d4 e6 2. c4 Nf6 3. Nf3 c5 4. d5 exd5 5. cxd5 d6 6. Nc3 g6 7. Nd2 Bg7 8. e4 O-O 9. Be2 Ne8 10. O-O f5 11. exf5 Bxf5 12. Nde4 Na6 13. Bg5 Qb6 14. Qd2 Nac7 15. Ng3 Bd7 16. h4 Nf6 17. h5 gxh5 18. Nxh5 Nxh5 19. Bxh5 Be8 20. Bg4 Bf7 21. Bh6 Qb4 22. Bxg7 Kxg7 23. Qg5+ Bg6 24. Rae1 Rae8 25. Bd7 Rxe1 26. Rxe1 Qxb2 27. Re7+ Kh8 28. Qe3 Rf7 29. Rxf7 Bxf7 30. Bf5 Bg8 31. Be4 b5 32. Qf3 Ne8 33. g3 b4 34. Ne2 Qa1+ 35. Kg2 Qe5 36. Nf4 Nf6 37. Nd3 Qxe4 0-1

[Event "Bucharest ROM"]
[Site "?"]
[Date "2006.05.11"]
[Round "7"]
[White "Manolache Marius"]
[Black "Pilgaard Kim"]
[Result "1-0"]
[WhiteElo "2492"]
[BlackElo "2417"]
[PlyCount "123"]
[EventDate "2006.??.??"]
[Source "www.chesslib.no"]
[SourceDate "2004.05.04"]

1. d4 Nf6 2. Nf3 e6 3. c4 c5 4. d5 exd5 5. cxd5 d6 6. Nc3 g6 7. Nd2 Bg7 8. e4 O-O 9. Be2 Na6 10. O-O Nc7 11. a4 b6 12. Re1 Nd7 13. Nc4 Ne5 14. Ne3 f5 15. f4 Nf7 16. exf5 gxf5 17. Kh1 Nh6 18. Ra3 a6 19. Rg1 Kh8 20. Rb3 Rb8 21. Nc4 Ne8 22. Na5 Qc7 23. Nc6 Ra8 24. Re1 Nf6 25. Bf3 Bd7 26. Be3 Rae8 27. Bg1 Rxe1 28. Qxe1 Re8 29. Qf1 Bc8 30. Nd1 Ne4 31. Re3 Ng8 32. Bh5 Rf8 33. Rh3 Ngf6 34. Qd3 Nxd5 35. Qxd5 Nf6 36. Qf3 Bb7 37. Bg6 Qxc6 38. Qg3 Rg8 39. Bf7 Qxa4 40. Ne3 Qd7 41. Bxg8 Kxg8 42. Qg5 Be4 43. Rg3 Ne8 44. Nc4 b5 45. Nd2 Bd5 46. b4 cxb4 47. Bd4 Kh8 48. Bxg7+ Nxg7 49. Qf6 a5 50. h4 a4 51. Qd4 Bc6 52. Qxb4 Qe7 53. Kg1 h6 54. Qc3 Be8 55. Re3 Qa7 56. Kh2 Kh7 57. Nf3 b4 58. Qe1 Bc6 59. Re7 Qc5 60. Rc7 Qc4 61. Qg3 Qc3 62. h5 1-0

[Event "XIX Czech Chladek & Tintera A Open"]
[Site "Pardubice CEC"]
[Date "2008.07.25"]
[Round "8"]
[White "D'Costa, L."]
[Black "Velicka, P."]
[Result "1/2-1/2"]
[WhiteElo "2414"]
[BlackElo "2492"]
[PlyCount "46"]
[EventDate "2008.07.18"]
[Source "www.chesslib.no"]
[SourceDate "2004.05.04"]

1. d4 Nf6 2. c4 e6 3. Nf3 c5 4. d5 d6 5. Nc3 exd5 6. cxd5 g6 7. Nd2 Bg7 8. e4 O-O 9. Be2 b6 10. O-O Ba6 11. Re1 Bxe2 12. Rxe2 Nbd7 13. Nc4 Ne8 14. Bf4 Ne5 15. Bxe5 Bxe5 16. Nxe5 dxe5 17. a4 Nd6 18. Nb5 a6 19. Nxd6 Qxd6 20. b3 f5 21. Qd3 f4 22. f3 a5 23. g4 h6 1/2-1/2

[Event "Budapest II"]
[Site "?"]
[Date "1988.??.??"]
[Round "?"]
[White "Karolyi jr., T."]
[Black "Perenyi, B."]
[Result "0-1"]
[WhiteElo "2450"]
[BlackElo "2455"]
[PlyCount "64"]
[EventDate "1988.??.??"]
[Source "ChessBase"]
[SourceDate "1988.07.01"]

1. d4 Nf6 2. c4 c5 3. d5 e6 4. Nc3 exd5 5. cxd5 d6 6. Nf3 g6 7. Nd2 Bg7 8. e4 O-O 9. Be2 Na6 10. O-O Ne8 11. Nc4 f5 12. exf5 Bxf5 13. Bf4 b5 14. Ne3 Bd7 15. Bg3 Nac7 16. Qc2 Qe7 17. a4 bxa4 18. Nxa4 Nb5 19. Bxb5 Bxb5 20. Rfe1 Bxa4 21. Qxa4 Qf7 22. Nc4 Bd4 23. Kh1 Nf6 24. Nxd6 Qxd5 25. Nb5 Bxb2 26. Rad1 Rae8 27. Rxe8 Rxe8 28. Nc7 Re4 29. Qc2 Rc4 30. Nxd5 Rxc2 31. h4 Ng4 32. Nf4 Bd4 0-1

[Event "Balatonbereny op"]
[Site "Balatonbereny"]
[Date "1987.??.??"]
[Round "?"]
[White "Gurevich, M."]
[Black "Szalanczy, E."]
[Result "1-0"]
[WhiteElo "2515"]
[BlackElo "2385"]
[PlyCount "107"]
[EventDate "1987.??.??"]
[Source "www.chesslib.no"]
[SourceDate "2004.05.04"]

1. d4 Nf6 2. c4 c5 3. d5 e6 4. Nc3 exd5 5. cxd5 d6 6. Nf3 g6 7. Nd2 Bg7 8. e4 O-O 9. Be2 Na6 10. O-O Rb8 11. a4 Nb4 12. Nc4 Ne8 13. Bf4 f5 14. Qd2 Bf6 15. Nb5 g5 16. Bxd6 Nxd6 17. Nbxd6 fxe4 18. Nxc8 Rxc8 19. Bg4 Nd3 20. Bxc8 Qxc8 21. Nd6 Qg4 22. h3 Qh4 23. g3 Qxh3 24. Nxe4 c4 25. Nxf6+ Rxf6 26. Qxg5+ Kf7 27. Qh4 Qxh4 28. gxh4 Rf4 29. Rab1 Ke7 30. Rfd1 Rd4 31. Rd2 Kd6 32. Rbd1 Rxh4 33. Kg2 h5 34. Kg3 Rg4+ 35. Kf3 b6 36. Rh1 Rg5 37. b3 Ne5+ 38. Ke4 Rg4+ 39. f4 Ng6 40. Rf1 cxb3 41. Rb2 Ne5 42. Rxb3 Nd7 43. Kf5 Nc5 44. Rh3 Nxa4 45. Rxh5 Rg3 46. Rd1 Nc3 47. Rh6+ Kd7 48. Rd2 Rg7 49. d6 b5 50. Rd3 b4 51. Kf6 Rg8 52. Rh7+ Kc6 53. d7 Nd5+ 54. Ke5 1-0

[Event "BL2-S 9697"]
[Site "?"]
[Date "1997.??.??"]
[Round "?"]
[White "Pinter Jozsef"]
[Black "Kekelidze Mikheil"]
[Result "1-0"]
[WhiteElo "2575"]
[BlackElo "2325"]
[PlyCount "71"]
[EventDate "1997.??.??"]
[Source "www.chesslib.no"]
[SourceDate "2004.05.04"]

1. d4 Nf6 2. c4 e6 3. Nf3 c5 4. d5 exd5 5. cxd5 d6 6. Nc3 g6 7. e4 Bg7 8. Be2 Bg4 9. O-O O-O 10. h3 Bxf3 11. Bxf3 a6 12. Bf4 Ne8 13. Qd2 b5 14. a4 b4 15. Nd1 Nd7 16. Ne3 Ne5 17. Be2 Qh4 18. Bg4 Nf6 19. Bxe5 dxe5 20. Qd3 Nxg4 21. hxg4 Bh6 22. Nc4 Qxg4 23. Nxe5 Qf4 24. Nc4 Rfe8 25. Rfe1 Bg7 26. g3 Qb8 27. Kg2 Ra7 28. Rad1 Qd8 29. e5 f6 30. e6 f5 31. Qf3 Rae7 32. d6 Rxe6 33. Qd5 Kf7 34. d7 R8e7 35. Nd6+ Kf6 36. Rxe6+ 1-0

[Event "Kotov Memorial"]
[Site "Tallinn EST"]
[Date "1986.??.??"]
[Round "?"]
[White "Stohl, Igor"]
[Black "Dejkalo, Stefan"]
[Result "1/2-1/2"]
[WhiteElo "2465"]
[BlackElo "2435"]
[PlyCount "45"]
[EventDate "1986.??.??"]
[Source "www.chesslib.no"]
[SourceDate "2004.05.04"]

1. d4 Nf6 2. c4 e6 3. Nf3 c5 4. d5 exd5 5. cxd5 d6 6. Nc3 g6 7. Nd2 Bg7 8. e4 O-O 9. Be2 Na6 10. O-O Nc7 11. a4 Nd7 12. Nc4 Ne5 13. Ne3 f5 14. f4 Nf7 15. exf5 gxf5 16. Bd3 Nh6 17. Bd2 Rb8 18. Rb1 Bd7 19. Kh1 a6 20. b4 cxb4 21. Rxb4 b5 22. axb5 axb5 23. Rb1 1/2-1/2

[Event "Balatonbereny"]
[Site "?"]
[Date "1987.??.??"]
[Round "?"]
[White "Gurevich, M."]
[Black "Horvath, T."]
[Result "1-0"]
[WhiteElo "2515"]
[BlackElo "2385"]
[PlyCount "81"]
[EventDate "1987.??.??"]
[Source "ChessBase"]
[SourceDate "1987.07.01"]

1. d4 Nf6 2. c4 c5 3. d5 g6 4. Nc3 Bg7 5. e4 d6 6. Nf3 O-O 7. Be2 e6 8. Nd2 exd5 9. cxd5 Nbd7 10. O-O Ne8 11. Nc4 Ne5 12. Ne3 f5 13. f4 Nf7 14. exf5 gxf5 15. Bd3 Nh6 16. Bd2 Bd7 17. a4 Nc7 18. Qh5 Qf6 19. Rad1 Qd4 20. Bc1 Ng4 21. Ne2 Qxe3+ 22. Bxe3 Nxe3 23. b3 Kh8 24. Bc4 a6 25. a5 Nb5 26. Rd3 Nxf1 27. Kxf1 Rae8 28. Rh3 h6 29. Kf2 Re7 30. Re3 Rxe3 31. Kxe3 Be8 32. Qh4 Bg6 33. Kd2 Re8 34. Bd3 Nc7 35. Ng3 Nxd5 36. Bxf5 Bxf5 37. Nxf5 Rf8 38. Qg4 Bc3+ 39. Kd3 Kh7 40. g3 Bf6 41. Nxd6 1-0

[Event "HUN-ch op"]
[Site "Pecs"]
[Date "1998.??.??"]
[Round "7"]
[White "Farago, Ivan"]
[Black "Anka, Emil"]
[Result "1-0"]
[WhiteElo "2475"]
[BlackElo "2420"]
[PlyCount "65"]
[EventDate "1998.??.??"]
[Source "www.chesslib.no"]
[SourceDate "2004.05.04"]

1. d4 Nf6 2. c4 e6 3. Nf3 c5 4. d5 exd5 5. cxd5 d6 6. Nc3 g6 7. Nd2 Bg7 8. e4 O-O 9. Be2 Na6 10. O-O Nc7 11. a4 b6 12. Nc4 Ba6 13. Bf4 Nh5 14. Bd2 Re8 15. b3 Bxc3 16. Bxc3 Rxe4 17. Bxh5 Bxc4 18. bxc4 gxh5 19. Qd3 Rg4 20. h3 Rg6 21. f4 h4 22. Rf3 f6 23. f5 Rg5 24. Qe4 Qf8 25. Qxh4 Qg7 26. Ra2 Re8 27. Raf2 Qe7 28. Bd2 Rg7 29. Bh6 Rf7 30. Qg4+ Kh8 31. Rg3 Qd7 32. Re2 Rfe7 33. Rxe7 1-0

[Event "32nd olm Yerevan ARM"]
[Site "?"]
[Date "1996.??.??"]
[Round "?"]
[White "Dydyshko, V."]
[Black "Doghri, N."]
[Result "1-0"]
[WhiteElo "2545"]
[BlackElo "2350"]
[PlyCount "73"]
[EventDate "1996.??.??"]
[Source "www.chesslib.no"]
[SourceDate "2004.05.04"]

1. d4 Nf6 2. c4 e6 3. Nf3 c5 4. d5 exd5 5. cxd5 d6 6. Nc3 g6 7. Nd2 Bg7 8. e4 O-O 9. Be2 Nbd7 10. O-O g5 11. Nc4 Ne8 12. Bg4 Ne5 13. Bxc8 Nxc4 14. Bf5 Ne5 15. Ne2 c4 16. Be3 Nd3 17. Rb1 h6 18. b3 Ne5 19. bxc4 Nxc4 20. Rxb7 Nxe3 21. fxe3 Qa5 22. Qc2 Qc5 23. Qb3 Nf6 24. Rb5 Qc7 25. Nd4 Rab8 26. Nc6 Rxb5 27. Qxb5 Re8 28. e5 dxe5 29. e4 Bf8 30. Kh1 Qb6 31. Qe2 Qc7 32. Qf3 Bg7 33. Rb1 Bf8 34. g3 Bc5 35. Rf1 Bd6 36. Bg6 fxg6 37. Qxf6 1-0

[Event "Belavenets Memorial Open"]
[Site "Smolensk RUS"]
[Date "1991.??.??"]
[Round "?"]
[White "Neverov, Valeriy"]
[Black "Kushch, Nikolai"]
[Result "0-1"]
[WhiteElo "2540"]
[BlackElo "2350"]
[PlyCount "70"]
[EventDate "1991.??.??"]
[Source "www.chesslib.no"]
[SourceDate "2004.05.04"]

1. d4 Nf6 2. c4 e6 3. Nf3 c5 4. d5 exd5 5. cxd5 d6 6. Nc3 g6 7. Nd2 Bg7 8. e4 O-O 9. Be2 Na6 10. O-O Nc7 11. a4 b6 12. Nc4 Ba6 13. Bf4 Bxc4 14. Bxc4 a6 15. Re1 Nh5 16. Bd2 Rb8 17. Be2 Nf6 18. Rb1 b5 19. axb5 Nxb5 20. f3 Nd7 21. Qa4 Bd4+ 22. Kh1 Qf6 23. Bxb5 axb5 24. Nxb5 Bxb2 25. f4 Ra8 26. Qb3 Bd4 27. Qh3 Rfd8 28. Nxd4 cxd4 29. Rb7 Nc5 30. Rc7 Ra2 31. e5 Qf5 32. Qxf5 gxf5 33. exd6 Nd3 34. Rb1 Rxd2 35. d7 Kg7 0-1

[Event "Casablanca"]
[Site "Casablanca"]
[Date "1994.??.??"]
[Round "5"]
[White "Kaabi, Mejdi"]
[Black "Spraggett, Kevin"]
[Result "0-1"]
[WhiteElo "2340"]
[BlackElo "2550"]
[PlyCount "70"]
[EventDate "1994.05.??"]
[Source "ChessBase"]

1. d4 Nf6 2. c4 e6 3. Nf3 c5 4. d5 d6 5. Nc3 exd5 6. cxd5 g6 7. Nd2 Bg7 8. e4 O-O 9. Be2 Na6 10. O-O Nc7 11. a4 b6 12. Nc4 Ba6 13. Bg5 Qd7 14. f3 Bxc4 15. Bxc4 a6 16. Qd3 Kh8 17. Rab1 Ng8 18. b4 f5 19. bxc5 bxc5 20. Rb6 Ne7 21. Rfb1 h6 22. Bd2 g5 23. Bxa6 Ng6 24. Bb5 Nxb5 25. Qxb5 Qe7 26. Qc6 Ne5 27. Qb7 Qf6 28. Nb5 fxe4 29. Bc3 exf3 30. Rf1 f2+ 31. Kh1 Rad8 32. Qc7 Qf5 33. h3 Qd3 34. Rxf2 Rxf2 35. Qxd8+ Kh7 0-1

[Event "Budapest FS12 IM-B"]
[Site "Budapest"]
[Date "1993.??.??"]
[Round "2"]
[White "Skomorokhin, Roman"]
[Black "Kotsur, Pavel"]
[Result "1/2-1/2"]
[WhiteElo "2460"]
[BlackElo "2425"]
[PlyCount "99"]
[EventDate "1993.12.??"]
[Source "www.chesslib.no"]
[SourceDate "2004.05.04"]

1. d4 Nf6 2. c4 c5 3. d5 e6 4. Nc3 exd5 5. cxd5 d6 6. Nf3 g6 7. Nd2 Bg7 8. e4 O-O 9. Be2 Na6 10. O-O Ne8 11. Nc4 f5 12. exf5 Bxf5 13. Be3 Rb8 14. a4 Nb4 15. Rc1 a6 16. Qd2 b6 17. Bf4 Qd7 18. Bg3 b5 19. axb5 axb5 20. Ne3 c4 21. Ne4 Na6 22. Ra1 Rb6 23. Nxf5 gxf5 24. Qe3 Qb7 25. Ng5 Nc5 26. Ne6 Nxe6 27. dxe6 d5 28. Bh5 d4 29. Bf7+ Rxf7 30. exf7+ Qxf7 31. Qf3 d3 32. Ra8 Re6 33. Rb8 Bxb2 34. Rxb5 Bf6 35. Rxf5 d2 36. Bh4 Qg7 37. Qd5 Nc7 38. Bxf6 Nxd5 39. Bxg7 Kxg7 40. Rxd5 c3 41. f3 Re1 42. Kf2 Rxf1+ 43. Kxf1 c2 44. Rxd2 c1=Q+ 45. Ke2 Qg1 46. Rd7+ Kg6 47. Rd6+ Kg5 48. Rd5+ Kf6 49. g4 Qxh2+ 50. Ke3 1/2-1/2

[Event "12th Open Ljubljana SLO"]
[Site "?"]
[Date "2001.??.??"]
[Round "5"]
[White "Farago, I."]
[Black "Ionescu, D."]
[Result "1/2-1/2"]
[WhiteElo "2485"]
[BlackElo "2395"]
[PlyCount "37"]
[EventDate "2001.??.??"]
[Source "www.chesslib.no"]
[SourceDate "2004.05.04"]

1. d4 Nf6 2. c4 e6 3. Nf3 c5 4. d5 d6 5. Nc3 exd5 6. cxd5 g6 7. Nd2 Bg7 8. e4 O-O 9. Be2 Na6 10. O-O Nc7 11. a4 b6 12. Rb1 Re8 13. Re1 Qd7 14. Bf1 Ng4 15. h3 Nxf2 16. Kxf2 Bd4+ 17. Kg3 Be5+ 18. Kf2 Bd4+ 19. Kg3 1/2-1/2

[Event "Arabian ch"]
[Site "Dubai"]
[Date "1995.??.??"]
[Round "?"]
[White "Kaabi, Mejdi"]
[Black "Bouaziz, Slim"]
[Result "1/2-1/2"]
[WhiteElo "2370"]
[BlackElo "2510"]
[PlyCount "25"]
[EventDate "1995.??.??"]
[Source "www.chesslib.no"]
[SourceDate "2004.05.04"]

1. d4 Nf6 2. c4 g6 3. Nc3 Bg7 4. e4 O-O 5. Nf3 d6 6. Be2 Na6 7. O-O c5 8. d5 Nc7 9. Nd2 e6 10. a4 exd5 11. cxd5 Re8 12. f4 b6 13. Bf3 1/2-1/2

[Event "Finjub-20 8184"]
[Site "Finjub-20 8184"]
[Date "1981.??.??"]
[Round "?"]
[White "Rajkovic, Dusan"]
[Black "Barczay, Laszlo"]
[Result "1/2-1/2"]
[WhiteElo "2465"]
[BlackElo "2415"]
[PlyCount "37"]
[EventDate "1981.??.??"]
[Source "www.chesslib.no"]
[SourceDate "2004.05.04"]

1. d4 Nf6 2. c4 e6 3. Nf3 c5 4. d5 exd5 5. cxd5 d6 6. Nc3 g6 7. e4 Bg7 8. Be2 O-O 9. O-O Bg4 10. Bf4 Qb6 11. Qc2 Re8 12. h3 Bxf3 13. Bxf3 Nfd7 14. Rae1 Na6 15. Be2 Rac8 16. Nb5 Be5 17. Be3 Bd4 18. Bf4 Be5 19. Be3 1/2-1/2

[Event "Memorial Konig"]
[Site "San Francisco (USA)"]
[Date "2007.07.12"]
[Round "?"]
[White "Fedorowicz John P (USA)"]
[Black "Stein Alan"]
[Result "1/2-1/2"]
[WhiteElo "2460"]
[BlackElo "2412"]
[PlyCount "126"]
[EventDate "2007.??.??"]
[Source "www.chesslib.no"]
[SourceDate "2004.05.04"]

1. d4 Nf6 2. c4 e6 3. Nf3 c5 4. d5 d6 5. Nc3 exd5 6. cxd5 g6 7. Nd2 Bg7 8. e4 O-O 9. Be2 Na6 10. O-O Ne8 11. Nc4 f5 12. exf5 Bxf5 13. a3 Nac7 14. Bf3 Qd7 15. Ne3 Nb5 16. Nxb5 Qxb5 17. Nxf5 Rxf5 18. Rb1 Nc7 19. b4 c4 20. a4 Qe8 21. Qc2 Rxf3 22. gxf3 c3 23. Bf4 Nxd5 24. Bxd6 Qf7 25. Qd3 Rd8 26. Bg3 h5 27. Rfe1 Kh7 28. Rbd1 Bf6 29. Qc4 Bg5 30. f4 Bf6 31. h3 Qd7 32. Rd3 Qc6 33. Qxc6 bxc6 34. f5 gxf5 35. b5 f4 36. Bh2 cxb5 37. axb5 Kg6 38. Rc1 Kf5 39. Kf1 Ne3+ 40. Ke2 f3+ 41. Kxf3 Rxd3 42. fxe3 Bg5 43. Bg1 Ke5 44. Rc2 Kd5 45. Ra2 Kc4 46. Rxa7 Kxb5 47. Rc7 Kb4 48. Bf2 Kb3 49. Rb7+ Ka2 50. Ra7+ Kb1 51. Rb7+ Kc1 52. h4 Bd8 53. Be1 c2 54. Ke2 Rd6 55. e4 Bb6 56. e5 Re6 57. Bd2+ Kb1 58. Kd3 c1=Q 59. Bxc1 Kxc1 60. Ke4 Bf2 61. Rh7 Bxh4 62. Rxh5 Bg3 63. Kd5 Rxe5+ 1/2-1/2

[Event "Capablanca B"]
[Site "?"]
[Date "1989.??.??"]
[Round "?"]
[White "Schneider, Al"]
[Black "Estevez"]
[Result "1-0"]
[WhiteElo "2465"]
[BlackElo "2405"]
[PlyCount "71"]
[EventDate "1989.??.??"]
[Source "www.chesslib.no"]
[SourceDate "2004.05.04"]

1. d4 Nf6 2. c4 e6 3. Nf3 c5 4. d5 exd5 5. cxd5 d6 6. Nc3 g6 7. Nd2 Bg7 8. e4 O-O 9. Be2 Na6 10. O-O Nc7 11. a4 b6 12. Nc4 Ba6 13. Bg5 Qd7 14. b3 Rfe8 15. Bf3 Bxc4 16. bxc4 a6 17. Rb1 Rab8 18. Qb3 Ng4 19. h3 Ne5 20. Be2 f5 21. Bd2 Nf7 22. Bf3 Ne5 23. Be2 Nf7 24. Qc2 fxe4 25. Nxe4 b5 26. axb5 axb5 27. cxb5 Nxd5 28. Bc4 Qf5 29. f3 Bd4+ 30. Kh1 Red8 31. g4 Qe5 32. Qb3 Nb6 33. Bxf7+ Kg7 34. Bg5 d5 35. Bf6+ Qxf6 36. Nxf6 1-0